| 000 | 01055nam a22003017a 4500 | ||
|---|---|---|---|
| 005 | 20230512224051.0 | ||
| 008 | 221128t xxu||||| |||| 00| 0 eng d | ||
| 020 | _a8785314498928 | ||
| 040 | _cCSPC | ||
| 050 | 0 | _aRT21 | |
| 082 | 0 |
_a610.7303 _bG353 |
|
| 240 | 0 | 0 | _aThe Gale encyclopedia of nursing and allied health |
| 245 | 0 | 0 |
_aThe Gale encyclopedia of nursing & allied health : volume 4, L-O / _cBrigham Narins, editor. |
| 250 |
_aThird _beditor. |
||
| 260 |
_aFarmington Hills, Michigan : _bGale, _c2013. |
||
| 300 |
_av-1907, 2481 pages : _bcolored illustrations ; _c29 cm. |
||
| 336 |
_2rdacontent _atext |
||
| 337 |
_2rdamedia _aunmediated |
||
| 338 |
_2rdacarrier _avolume |
||
| 650 | 1 | 0 |
_aNursing Care _vEncyclopedias _xEnglish. |
| 650 | 1 | 0 |
_aAllied Health Personnel _vEncyclopedias _xEnglish. |
| 650 | 1 | 0 |
_aNursing _vEncyclopedias _xEnglish. |
| 700 | 1 |
_aNarins, Brigham, _eeditor. |
|
| 940 | _aMelane | ||
| 942 |
_cBOOK _jGNR 610.7303 G353 2013 |
||
| 999 |
_c12840 _d12840 |
||